00714 2200253 4500001002100000005001500021035002000036007000300056008004100059020002200100082001000122084001600132100001400148245009400162250001500256260004200271300003400313650003500347700001300382504002600395710001700421990001100438990001100449INLIS00000000000396920190820023207 a0010-0819000112ta190820 g 0 ind  a978-979-027-251-0 a745.5 a745.5 WAH b0 aWAHYUNING1 aBerbagai Hasil Pekerjaan dan Keterampilan /cWahyuning, Soedjono; penyunting, Tim Angkasa aed. revisi aBandung :bTitian Ilmu Bandung,c2008 av, 68 hlm. :bilus. ;c21 cm. 4aKETERAMPILAN. KERAJINAN TANGAN0 aSOEDJONO aBibliografi : hlm. 680 aTIM, Angkasa a5441 a a5441 b